Statistics for 10 Most Blackberry-producing Countries

Click here to take the quiz!

General Stats

  • This quiz has been taken 15 times
  • The average score is 8 of 10

Answer Stats

TopAnswer% Correct
3, 402.6M $United States
100%
1. 562.1M $Mexico
93%
7, 60.3M $France
86%
9, 31.5M $Germany
86%
2, 541.2M $Spain
86%
5, 221.0M $Portugal
79%
8, 52.1M $Poland
71%
10, 30.8M $Belgium
57%
4, 333.3M $Morocco
57%
6, 199.8M $Netherlands
57%

Score Distribution

Percentile by Number Answered

Percent of People with Each Score

Your Score History

You have not taken this quiz